<?xml version="1.0" encoding="UTF-8"?>
<record
    xmlns:xsi="http://www.w3.org/2001/XMLSchema-instance"
    xsi:schemaLocation="http://www.loc.gov/MARC21/slim http://www.loc.gov/standards/marcxml/schema/MARC21slim.xsd"
    xmlns="http://www.loc.gov/MARC21/slim">

  <leader>00682nam a2200193Ia 4500</leader>
  <datafield tag="999" ind1=" " ind2=" ">
    <subfield code="c">46271</subfield>
    <subfield code="d">46271</subfield>
  </datafield>
  <controlfield tag="001">13105</controlfield>
  <controlfield tag="003">GE_BSU</controlfield>
  <controlfield tag="005">20240819160451.0</controlfield>
  <controlfield tag="008">181216s2014||||ge |||||||||||||| ||geo||</controlfield>
  <datafield tag="040" ind1=" " ind2=" ">
    <subfield code="c">GE_BSU</subfield>
  </datafield>
  <datafield tag="041" ind1=" " ind2=" ">
    <subfield code="a">geo</subfield>
  </datafield>
  <datafield tag="080" ind1=" " ind2=" ">
    <subfield code="a">634.322 &#x10DB;-26</subfield>
  </datafield>
  <datafield tag="245" ind1=" " ind2=" ">
    <subfield code="a">&#x10DB;&#x10D0;&#x10DC;&#x10D3;&#x10D0;&#x10E0;&#x10D8;&#x10DC;&#x10D8;&#x10E1; &#x10E2;&#x10E0;&#x10D4;&#x10DC;&#x10D8;&#x10DC;&#x10D2;&#x10D8;&#x10E1; &#x10DE;&#x10E0;&#x10DD;&#x10D2;&#x10E0;&#x10D0;&#x10DB;&#x10D8;&#x10E1; &#x10DB;&#x10D0;&#x10E1;&#x10D0;&#x10DA;&#x10D4;&#x10D1;&#x10D8; :</subfield>
    <subfield code="b">USAID GEORGIA /</subfield>
  </datafield>
  <datafield tag="264" ind1=" " ind2=" ">
    <subfield code="a">&#x10D7;&#x10D1;&#x10D8;&#x10DA;&#x10D8;&#x10E1;&#x10D8; :</subfield>
    <subfield code="b">[?],</subfield>
    <subfield code="c">2014.</subfield>
  </datafield>
  <datafield tag="300" ind1=" " ind2=" ">
    <subfield code="a">88 &#x10D2;&#x10D5;. :</subfield>
    <subfield code="b">&#x10D8;&#x10DA;. ;</subfield>
    <subfield code="c">30 &#x10E1;&#x10DB;.</subfield>
  </datafield>
  <datafield tag="653" ind1=" " ind2=" ">
    <subfield code="a">USAID GEORGIA</subfield>
  </datafield>
  <datafield tag="653" ind1=" " ind2=" ">
    <subfield code="a">&#x10DB;&#x10D0;&#x10DC;&#x10D3;&#x10D0;&#x10E0;&#x10D8;&#x10DC;&#x10D8;&#x10E1; &#x10E2;&#x10E0;&#x10D4;&#x10DC;&#x10D8;&#x10DC;&#x10D2;&#x10D8;&#x10E1; &#x10DE;&#x10E0;&#x10DD;&#x10D2;&#x10E0;&#x10D0;&#x10DB;&#x10D8;&#x10E1; &#x10DB;&#x10D0;&#x10E1;&#x10D0;&#x10DA;&#x10D4;&#x10D1;&#x10D8;</subfield>
  </datafield>
  <datafield tag="942" ind1=" " ind2=" ">
    <subfield code="c">BK</subfield>
    <subfield code="2">udc</subfield>
  </datafield>
  <datafield tag="952" ind1=" " ind2=" ">
    <subfield code="0">0</subfield>
    <subfield code="1">0</subfield>
    <subfield code="2">udc</subfield>
    <subfield code="4">0</subfield>
    <subfield code="6">634322_&#x10DB;26</subfield>
    <subfield code="7">0</subfield>
    <subfield code="9">60652</subfield>
    <subfield code="a">CPL</subfield>
    <subfield code="b">CPL</subfield>
    <subfield code="c">GEN</subfield>
    <subfield code="d">2018-12-17</subfield>
    <subfield code="o">634.322 &#x10DB;-26</subfield>
    <subfield code="p">27171</subfield>
    <subfield code="r">2018-12-17</subfield>
    <subfield code="t">27171</subfield>
    <subfield code="w">2018-12-17</subfield>
    <subfield code="y">BK</subfield>
  </datafield>
  <datafield tag="952" ind1=" " ind2=" ">
    <subfield code="0">0</subfield>
    <subfield code="1">0</subfield>
    <subfield code="2">udc</subfield>
    <subfield code="4">0</subfield>
    <subfield code="6">634322_&#x10DB;26</subfield>
    <subfield code="7">0</subfield>
    <subfield code="9">60653</subfield>
    <subfield code="a">CPL</subfield>
    <subfield code="b">CPL</subfield>
    <subfield code="c">GEN</subfield>
    <subfield code="d">2018-12-17</subfield>
    <subfield code="o">634.322 &#x10DB;-26</subfield>
    <subfield code="p">27172</subfield>
    <subfield code="r">2018-12-17</subfield>
    <subfield code="t">27172</subfield>
    <subfield code="w">2018-12-17</subfield>
    <subfield code="y">BK</subfield>
  </datafield>
  <datafield tag="952" ind1=" " ind2=" ">
    <subfield code="0">0</subfield>
    <subfield code="1">0</subfield>
    <subfield code="2">udc</subfield>
    <subfield code="4">0</subfield>
    <subfield code="6">634322_&#x10DB;26</subfield>
    <subfield code="7">0</subfield>
    <subfield code="9">60654</subfield>
    <subfield code="a">CPL</subfield>
    <subfield code="b">CPL</subfield>
    <subfield code="c">GEN</subfield>
    <subfield code="d">2018-12-17</subfield>
    <subfield code="o">634.322 &#x10DB;-26</subfield>
    <subfield code="p">27173</subfield>
    <subfield code="r">2018-12-17</subfield>
    <subfield code="t">27173</subfield>
    <subfield code="w">2018-12-17</subfield>
    <subfield code="y">BK</subfield>
  </datafield>
  <datafield tag="952" ind1=" " ind2=" ">
    <subfield code="0">0</subfield>
    <subfield code="1">0</subfield>
    <subfield code="2">udc</subfield>
    <subfield code="4">0</subfield>
    <subfield code="6">634322_&#x10DB;26</subfield>
    <subfield code="7">0</subfield>
    <subfield code="9">60655</subfield>
    <subfield code="a">CPL</subfield>
    <subfield code="b">CPL</subfield>
    <subfield code="c">GEN</subfield>
    <subfield code="d">2018-12-17</subfield>
    <subfield code="o">634.322 &#x10DB;-26</subfield>
    <subfield code="p">27174</subfield>
    <subfield code="r">2018-12-17</subfield>
    <subfield code="t">27174</subfield>
    <subfield code="w">2018-12-17</subfield>
    <subfield code="y">BK</subfield>
  </datafield>
  <datafield tag="952" ind1=" " ind2=" ">
    <subfield code="0">0</subfield>
    <subfield code="1">0</subfield>
    <subfield code="2">udc</subfield>
    <subfield code="4">0</subfield>
    <subfield code="6">634322_&#x10DB;26</subfield>
    <subfield code="7">0</subfield>
    <subfield code="9">60656</subfield>
    <subfield code="a">CPL</subfield>
    <subfield code="b">CPL</subfield>
    <subfield code="c">GEN</subfield>
    <subfield code="d">2018-12-17</subfield>
    <subfield code="o">634.322 &#x10DB;-26</subfield>
    <subfield code="p">27175</subfield>
    <subfield code="r">2018-12-17</subfield>
    <subfield code="t">27175</subfield>
    <subfield code="w">2018-12-17</subfield>
    <subfield code="y">BK</subfield>
  </datafield>
</record>
